|
|
|
|
| LEADER |
01022nam a22002777a 4500 |
| 001 |
32723 |
| 003 |
BD-DhAAL |
| 005 |
20180114143432.0 |
| 008 |
180114t2012 bg ||||| |||| 00| 0 ben d |
| 999 |
|
|
|c 39036
|d 39036
|
| 020 |
|
|
|a 9847034303148
|
| 040 |
|
|
|a BD-DhAAL
|
| 041 |
|
|
|a BEN
|
| 082 |
|
|
|a 891.44301
|2 21
|
| 100 |
|
|
|a সানী, আসলাম
|9 24800
|
| 245 |
|
|
|a ঢাকাইয়্যা চুটকি /
|c আসলাম সানী
|
| 246 |
|
|
|a Dhakaia chutki
|
| 260 |
|
|
|a ঢাকা :
|b বিভাস,
|c ২০১২
|
| 300 |
|
|
|a ৬৩ পৃষ্ঠা ;
|c ২২ সে. মি.
|
| 526 |
|
|
|a AAL
|
| 541 |
|
|
|a Rokomari.com
|e 32723
|
| 650 |
|
|
|a Short stories, Bengali
|9 24801
|
| 650 |
|
|
|a Bengali wit and humor
|9 24802
|
| 852 |
|
|
|a Ayesha Abed Library
|c General Stacks
|
| 942 |
|
|
|2 ddc
|c BK
|
| 952 |
|
|
|0 0
|1 0
|2 ddc
|4 0
|6 891_443010000000000_SAN
|7 0
|9 62627
|a BRACUL
|b BRACUL
|c GEN
|d 2018-01-14
|e Rokomari.com
|g 105.00
|l 7
|m 20
|o 891.44301 SAN
|p 3010032723
|r 2024-04-24
|s 2024-02-06
|t 1
|v 105.00
|w 2018-01-14
|y BK
|